000 00716nam a2200217Ii 4500
003 JO-AjNU
008 230605s9999||||xx |||||||||||||| ||und||
017 _a1992/4320
040 _aJO-AjNU
_bara
_erda
_cJO-AjNU
041 _aara
050 1 4 _aHM101 1991
100 3 _aوزارة الثقافة,
_eauthor
_941038
245 0 0 _aالثقافة اليمنية رؤية مستقبلية، ج1
250 _aط1
264 3 1 _aصنعاء: وزارة الثقافة، 1991
300 _aج1، 283ص
_bيحتوي على ببلوغرافية من 281-283ص
336 _atext
_btxt
_2rdacontent
337 _aunmediated
_bn
_2rdamedia
338 _avolume
_bnc
_2rdacarrier
650 4 _aاليمن - ثقافة
_941039
999 _aA17464
_c21032
_d21032